00700nam a2200133Ia 4500008004100000020001800041100010300059245022800162260002700390650000800417856004900425999001900474952007300493171212s9999 xx 000 0 und d a9780833091680 aGreenfield, Victoria A.;Shelton, Shoshana R.;Balkovich, Edward;Davis, John S. II;Adamson, David M. cGreenfield, Victoria A.;Shelton, Shoshana R.;Balkovich, Edward;Davis, John S. II;Adamson, David M.aThe Federal Voting Assistance Program and the Road AheadbAchieving Institutional Change Through Analysis and Collaboration bRAND Corporationc2015 aLaw uhttp://jstor.org/stable/10.7249/j.ctt19rmdsj c352657d352657 001040aCLbCLd2017-12-12l0r2017-12-12 00:00:00w2017-12-12yCBE